中国主要港口 Major ports in china - Statistics

General Stats
  • This quiz has been taken 434 times
  • The average score is 37 of 53
Answer Stats
类别 港口 % Correct
沿海 大连港
98%
沿海 上海港
98%
沿海 天津港
96%
沿海 广州港
96%
沿海 青岛港
95%
沿海 厦门港
94%
沿海 深圳港
94%
沿海 宁波港
93%
沿海 福州港
93%
沿海 烟台港
92%
沿海 连云港港
92%
内河 武汉港
92%
沿海 南京港
91%
沿海 秦皇岛港
89%
沿海 温州港
88%
内河 杭州港
88%
沿海 舟山港
87%
内河 重庆港
87%
沿海 南通港
86%
沿海 苏州港
86%
沿海 汕头港
86%
沿海 防城港港
84%
沿海 日照港
82%
沿海 珠海港
82%
沿海 湛江港
82%
沿海 海口港
80%
沿海 营口港
74%
内河 宜昌港
74%
沿海 镇江港
73%
内河 无锡港
72%
内河 长沙港
69%
内河 南昌港
69%
内河 九江港
69%
内河 芜湖港
64%
内河 嘉兴港
61%
内河 荆州港
60%
内河 安庆港
60%
内河 岳阳港
55%
内河 合肥港
52%
内河 南宁港
51%
内河 马鞍山港
50%
内河 佛山港
48%
内河 黄石港
45%
内河 徐州港
41%
内河 泸州港
41%
内河 湖州港
41%
内河 肇庆港
37%
内河 梧州港
34%
内河 哈尔滨港
33%
内河 蚌埠港
30%
内河 贵港港
28%
内河 济宁港
24%
内河 佳木斯港
22%
No matching quizzes found
Score Distribution
Percent of People with Each Score
Percentile by Number Answered
Your Score History
You have not taken this quiz